[Event "European Youth Chess Championship G16"]
[Site "Prague, Top Hotel Prague"]
[Date "2012.08.19"]
[Round "3.1"]
[White "Varga, Melinda"]
[Black "Visanescu, Daria-Ioana"]
[Result "0-1"]
[WhiteElo "2232"]
[BlackElo "2019"]
[PlyCount "0"]
[EventDate "2012.08.17"]

1. Nf3 {[%clk 1:30:56]} c5 {[%clk 1:30:52]} 2. c4 {[%clk 1:31:21]} Nc6
{[%clk 1:31:12]} 3. Nc3 {[%clk 1:31:38]} e5 {[%clk 1:30:11]} 4. e3
{[%clk 1:31:06]} Nf6 {[%clk 1:30:30]} 5. d4 {[%clk 1:29:16]} e4 {[%clk 1:29:46]}
6. Ne5 {[%clk 0:57:53]} g6 {[%clk 1:27:45]} 7. Be2 {[%clk 0:55:04]} Bg7
{[%clk 1:27:41]} 8. O-O {[%clk 0:52:30]} O-O {[%clk 1:27:59]} 9. Nxc6
{[%clk 0:50:27]} dxc6 {[%clk 1:28:17]} 10. dxc5 {[%clk 0:48:34]} Qa5
{[%clk 1:26:33]} 11. Qc2 {[%clk 0:47:03]} Bf5 {[%clk 1:22:15]} 12. Rb1
{[%clk 0:39:24]} Qxc5 {[%clk 1:17:01]} 13. b4 {[%clk 0:39:12]} Qe7
{[%clk 1:16:01]} 14. Na4 {[%clk 0:35:56]} Nd7 {[%clk 1:02:24]} 15. Qb3
{[%clk 0:24:06]} Ne5 {[%clk 0:42:01]} 16. Bb2 {[%clk 0:24:03]} b5
{[%clk 0:40:27]} 17. cxb5 {[%clk 0:14:11]} cxb5 {[%clk 0:40:46]} 18. Nc5
{[%clk 0:14:25]} a5 {[%clk 0:35:33]} 19. a3 {[%clk 0:11:58]} a4 {[%clk 0:30:19]}
20. Qa2 {[%clk 0:12:08]} Nd3 {[%clk 0:22:32]} 21. Bxg7 {[%clk 0:11:53]} Kxg7
{[%clk 0:22:57]} 22. Bxd3 {[%clk 0:11:45]} exd3 {[%clk 0:23:23]} 23. Qb2+
{[%clk 0:11:47]} Kg8 {[%clk 0:23:42]} 24. Rbd1 {[%clk 0:11:35]} Rad8
{[%clk 0:23:32]} 25. Rfe1 {[%clk 0:10:20]} Qg5 {[%clk 0:18:51]} 26. Kh1
{[%clk 0:09:42]} Rfe8 {[%clk 0:14:12]} 27. e4 {[%clk 0:08:14]} d2
{[%clk 0:09:21]} 28. Re2 {[%clk 0:07:53]} h5 {[%clk 0:04:03]} 29. f3
{[%clk 0:06:59]} h4 {[%clk 0:04:27]} 30. Rexd2 {[%clk 0:06:53]} h3
{[%clk 0:03:53]} 31. g3 {[%clk 0:05:23]} Bc8 {[%clk 0:02:47]} 32. Qc3
{[%clk 0:05:00]} Rxd2 {[%clk 0:02:34]} 33. Qxd2 {[%clk 0:05:09]} Qf6
{[%clk 0:02:44]} 34. Qe2 {[%clk 0:04:26]} Rd8 {[%clk 0:02:24]} 35. Rc1
{[%clk 0:01:35]} Qb6 {[%clk 0:00:55]} 36. Kg1 {[%clk 0:01:26]} Qc6
{[%clk 0:00:44]} 37. Kf1 {[%clk 0:01:11]} Be6 {[%clk 0:00:49]} 38. Qe3
{[%clk 0:00:52]} Bc4+ {[%clk 0:00:58]} 39. Kf2 {[%clk 0:01:10]} Qd6
{[%clk 0:00:49]} 40. Re1 {[%clk 0:30:39]} Qd2+ {[%clk 0:30:48]} 41. Qxd2
{[%clk 0:23:42]} Rxd2+ {[%clk 0:31:12]} 42. Ke3 {[%clk 0:14:10]} Rxh2
{[%clk 0:31:22]} 43. Ra1 {[%clk 0:13:46]} Rg2 {[%clk 0:18:39]} 44. Kf4
{[%clk 0:12:41]} h2 {[%clk 0:15:53]} 45. Rh1 {[%clk 0:13:02]} Ra2
{[%clk 0:16:00]} 46. e5 {[%clk 0:11:12]} Bd5 {[%clk 0:11:13]} 47. Nd7
{[%clk 0:10:10]} g5+ {[%clk 0:09:46]} 48. Ke3 {[%clk 0:09:18]} Kg7
{[%clk 0:09:04]} 49. Nf6 {[%clk 0:09:24]} Bc6 {[%clk 0:08:51]} 50. Nh5+
{[%clk 0:07:29]} Kg6 {[%clk 0:08:58]} 51. Nf6 {[%clk 0:07:08]} Rxa3+
{[%clk 0:09:02]} 52. Kd4 {[%clk 0:07:24]} Rxf3 {[%clk 0:08:32]} 53. Rxh2
{[%clk 0:07:39]} Rxg3 {[%clk 0:08:22]} 54. Rc2 {[%clk 0:07:05]} Bg2
{[%clk 0:07:46]} 55. Rc5 {[%clk 0:06:06]} Bf1 {[%clk 0:07:28]} 56. Rc8
{[%clk 0:05:20]} Kf5 {[%clk 0:06:02]} 57. Nd5 {[%clk 0:04:24]} Rg4+
{[%clk 0:04:56]} 58. Ke3 {[%clk 0:04:14]} Kxe5 {[%clk 0:05:07]} 59. Nc3
{[%clk 0:03:42]} Rxb4 {[%clk 0:04:39]} 60. Rc5+ {[%clk 0:02:46]} Ke6
{[%clk 0:04:49]} 61. Rxg5 {[%clk 0:02:28]} a3 {[%clk 0:04:01]} 62. Rg1
{[%clk 0:02:33]} Bc4 {[%clk 0:04:13]} 63. Ra1 {[%clk 0:02:44]} Rb3
{[%clk 0:04:20]} 64. Kd4 {[%clk 0:03:05]} f5 {[%clk 0:04:08]} 65. Re1+
{[%clk 0:02:54]} Kd6 {[%clk 0:03:28]} 66. Ra1 {[%clk 0:02:54]} f4
{[%clk 0:03:34]} 67. Rh1 {[%clk 0:02:15]} Rb4 {[%clk 0:01:39]} 68. Ne4+
{[%clk 0:01:56]} Ke7 {[%clk 0:01:35]} 69. Ke5 {[%clk 0:01:42]} a2
{[%clk 0:01:12]} 70. Nc3 {[%clk 0:01:15]} Bf7 {[%clk 0:01:07]} 71. Re1
{[%clk 0:01:21]} f3 {[%clk 0:00:46]} 72. Kf5+ {[%clk 0:01:05]} Kd6
{[%clk 0:00:33]} 73. Rf1 {[%clk 0:00:46]} f2 {[%clk 0:00:37]} 74. Nxa2
{[%clk 0:00:42]} Bxa2 {[%clk 0:01:00]} 75. Rxf2 {[%clk 0:01:11]} Bb1+
{[%clk 0:01:14]} 76. Kf6 {[%clk 0:01:32]} Kc5 {[%clk 0:01:23]} 0-1

[Event "European Youth Chess Championship G16"]
[Site "Prague, Top Hotel Prague"]
[Date "2012.08.19"]
[Round "3.3"]
[White "Nicolas Zapata, Irene"]
[Black "Utiatskaja, Irina"]
[Result "0-1"]
[WhiteElo "2197"]
[BlackElo "2012"]
[PlyCount "0"]
[EventDate "2012.08.17"]

1. d4 {[%clk 1:30:58]} Nf6 {[%clk 1:30:56]} 2. Nf3 {[%clk 1:31:22]} d6
{[%clk 1:31:18]} 3. c4 {[%clk 1:28:26]} g6 {[%clk 1:31:22]} 4. Nc3
{[%clk 1:18:55]} Bg7 {[%clk 1:29:51]} 5. e4 {[%clk 1:19:18]} O-O {[%clk 1:30:03]}
6. Be2 {[%clk 1:19:41]} Na6 {[%clk 1:29:16]} 7. O-O {[%clk 1:19:33]} c5
{[%clk 1:29:43]} 8. d5 {[%clk 1:16:54]} Nc7 {[%clk 1:24:58]} 9. h3
{[%clk 1:15:01]} a6 {[%clk 1:20:31]} 10. a4 {[%clk 1:13:46]} b6 {[%clk 1:17:33]}
11. Bf4 {[%clk 1:05:21]} Rb8 {[%clk 1:03:47]} 12. e5 {[%clk 0:50:36]} Nfe8
{[%clk 1:01:47]} 13. Qd2 {[%clk 0:35:26]} Bd7 {[%clk 0:54:24]} 14. Ne4
{[%clk 0:30:44]} Bf5 {[%clk 0:53:55]} 15. Ng3 {[%clk 0:30:36]} Bd7
{[%clk 0:42:59]} 16. Bh6 {[%clk 0:27:52]} dxe5 {[%clk 0:31:28]} 17. Bxg7
{[%clk 0:28:11]} Kxg7 {[%clk 0:31:33]} 18. Nxe5 {[%clk 0:28:32]} Nd6
{[%clk 0:27:45]} 19. Ra3 {[%clk 0:20:14]} f6 {[%clk 0:25:42]} 20. Nh5+
{[%clk 0:14:08]} gxh5 {[%clk 0:23:11]} 21. Rg3+ {[%clk 0:14:24]} Bg4
{[%clk 0:22:59]} 22. Nc6 {[%clk 0:11:47]} Qe8 {[%clk 0:18:57]} 23. Bxg4
{[%clk 0:11:25]} hxg4 {[%clk 0:19:03]} 24. Nxb8 {[%clk 0:09:59]} Qxb8
{[%clk 0:18:36]} 25. Rxg4+ {[%clk 0:09:57]} Kh8 {[%clk 0:18:44]} 26. Qf4
{[%clk 0:08:35]} Nf7 {[%clk 0:15:15]} 27. Re1 {[%clk 0:08:35]} Qd8
{[%clk 0:14:43]} 28. Qe4 {[%clk 0:06:36]} Ne5 {[%clk 0:14:37]} 29. Rh4
{[%clk 0:06:47]} Rf7 {[%clk 0:14:48]} 30. f4 {[%clk 0:06:41]} Nd7
{[%clk 0:15:08]} 31. Qf5 {[%clk 0:06:31]} Nf8 {[%clk 0:11:55]} 32. Qh5
{[%clk 0:04:56]} Rg7 {[%clk 0:12:01]} 33. Rg4 {[%clk 0:04:16]} Ng6
{[%clk 0:07:30]} 34. Qf5 {[%clk 0:04:33]} Ne8 {[%clk 0:07:05]} 35. b3
{[%clk 0:01:50]} Nd6 {[%clk 0:07:28]} 36. Qd3 {[%clk 0:00:51]} Qg8
{[%clk 0:06:42]} 37. Qd2 {[%clk 0:00:38]} f5 {[%clk 0:06:34]} 38. Rg5
{[%clk 0:00:46]} Ne4 {[%clk 0:06:56]} 39. Rxe4 {[%clk 0:00:53]} fxe4
{[%clk 0:07:21]} 40. Qe3 {[%clk 0:31:12]} Qf7 {[%clk 0:36:35]} 41. g3
{[%clk 0:28:05]} h6 {[%clk 0:19:40]} 42. Rh5 {[%clk 0:21:41]} Kh7
{[%clk 0:15:01]} 43. Qxe4 {[%clk 0:12:53]} Qf6 {[%clk 0:14:48]} 44. Re5
{[%clk 0:04:43]} Kg8 {[%clk 0:13:32]} 45. Re6 {[%clk 0:05:10]} Qa1+
{[%clk 0:13:10]} 46. Kf2 {[%clk 0:03:52]} Qb2+ {[%clk 0:12:08]} 47. Qe2
{[%clk 0:00:36]} Qxb3 {[%clk 0:11:42]} 48. f5 {[%clk 0:00:43]} Nf4
{[%clk 0:10:01]} 49. Re3 {[%clk 0:00:43]} Nxh3+ {[%clk 0:09:28]} 50. Kg2
{[%clk 0:01:02]} Nf4+ {[%clk 0:09:20]} 51. Kh2 {[%clk 0:01:10]} Nxe2
{[%clk 0:08:16]} 52. Rxb3 {[%clk 0:01:34]} Rxg3 {[%clk 0:06:11]} 53. Rxb6
{[%clk 0:01:51]} Rc3 {[%clk 0:04:19]} 54. Re6 {[%clk 0:01:43]} Nd4
{[%clk 0:04:30]} 55. Rxe7 {[%clk 0:01:50]} Nxf5 {[%clk 0:04:50]} 56. Re5
{[%clk 0:01:45]} Ng7 {[%clk 0:04:46]} 57. d6 {[%clk 0:02:04]} Rd3
{[%clk 0:05:06]} 58. Rxc5 {[%clk 0:02:06]} Rxd6 {[%clk 0:05:33]} 59. Kg3
{[%clk 0:02:29]} Kf7 {[%clk 0:05:43]} 60. Rc7+ {[%clk 0:02:50]} Kf6
{[%clk 0:05:59]} 61. a5 {[%clk 0:01:14]} Ne6 {[%clk 0:06:00]} 62. Rh7
{[%clk 0:00:49]} Rd3+ {[%clk 0:05:59]} 63. Kf2 {[%clk 0:01:07]} Kg6
{[%clk 0:05:29]} 64. Ra7 {[%clk 0:01:22]} Rd6 {[%clk 0:05:24]} 65. Ke3
{[%clk 0:01:48]} Rc6 {[%clk 0:05:30]} 66. Ke4 {[%clk 0:01:49]} Kf6
{[%clk 0:05:29]} 67. Kd5 {[%clk 0:00:49]} Rc5+ {[%clk 0:05:52]} 68. Kd6
{[%clk 0:01:15]} Rxa5 {[%clk 0:06:11]} 69. Rh7 {[%clk 0:01:05]} Rh5
{[%clk 0:06:16]} 70. Ra7 {[%clk 0:01:13]} a5 {[%clk 0:06:38]} 71. Ra6
{[%clk 0:01:18]} Re5 {[%clk 0:05:51]} 72. Kd7 {[%clk 0:01:25]} Kf5
{[%clk 0:05:55]} 73. Rd6 {[%clk 0:01:21]} a4 {[%clk 0:05:42]} 74. Ke7
{[%clk 0:00:40]} h5 {[%clk 0:05:49]} 75. Kf7 {[%clk 0:00:36]} h4 {[%clk 0:06:00]}
76. Rd3 {[%clk 0:00:53]} Nc5 {[%clk 0:06:21]} 77. Ra3 {[%clk 0:00:51]} Re4
{[%clk 0:06:32]} 78. Rc3 {[%clk 0:00:52]} Kg4 {[%clk 0:06:38]} 0-1

[Event "European Youth Chess Championship G16"]
[Site "Prague, Top Hotel Prague"]
[Date "2012.08.19"]
[Round "3.5"]
[White "Bezkorovaina, Marija"]
[Black "Hincu, Olga"]
[Result "1/2-1/2"]
[WhiteElo "2056"]
[BlackElo "1931"]
[PlyCount "0"]
[EventDate "2012.08.17"]

1. e4 {[%clk 1:30:59]} e6 {[%clk 1:30:55]} 2. d4 {[%clk 1:31:22]} d5
{[%clk 1:31:20]} 3. Nc3 {[%clk 1:31:48]} Nf6 {[%clk 1:31:45]} 4. Bg5
{[%clk 1:32:11]} dxe4 {[%clk 1:32:08]} 5. Nxe4 {[%clk 1:32:38]} Nbd7
{[%clk 1:32:35]} 6. Nxf6+ {[%clk 1:32:00]} Nxf6 {[%clk 1:32:59]} 7. Nf3
{[%clk 1:32:13]} h6 {[%clk 1:33:18]} 8. Bh4 {[%clk 1:32:14]} Be7 {[%clk 1:32:49]}
9. Bd3 {[%clk 1:31:32]} c5 {[%clk 1:31:22]} 10. O-O {[%clk 1:23:56]} O-O
{[%clk 1:30:30]} 11. c3 {[%clk 1:15:41]} Qb6 {[%clk 1:25:36]} 12. Qe2
{[%clk 1:12:48]} Rd8 {[%clk 1:19:39]} 13. Rad1 {[%clk 1:05:11]} Bd7
{[%clk 1:16:00]} 14. Rfe1 {[%clk 1:02:00]} Bc6 {[%clk 1:13:16]} 15. Ne5
{[%clk 1:01:03]} Rf8 {[%clk 0:56:11]} 16. Ng6 {[%clk 0:29:49]} fxg6
{[%clk 0:50:31]} 17. Qxe6+ {[%clk 0:30:15]} Kh8 {[%clk 0:48:04]} 18. Qxe7
{[%clk 0:30:04]} cxd4 {[%clk 0:45:26]} 19. Bxg6 {[%clk 0:28:40]} Nd5
{[%clk 0:43:13]} 20. Qd6 {[%clk 0:20:57]} dxc3 {[%clk 0:33:41]} 21. Be4
{[%clk 0:18:51]} Nf4 {[%clk 0:26:08]} 22. Bxc6 {[%clk 0:17:53]} bxc6
{[%clk 0:25:28]} 23. bxc3 {[%clk 0:18:02]} Qb2 {[%clk 0:23:18]} 24. Qxc6
{[%clk 0:07:09]} Ne2+ {[%clk 0:21:55]} 25. Kh1 {[%clk 0:07:30]} Rac8
{[%clk 0:19:44]} 26. Qd6 {[%clk 0:06:35]} Nxc3 {[%clk 0:18:09]} 27. Rd2
{[%clk 0:06:57]} Qb5 {[%clk 0:18:19]} 28. Qg6 {[%clk 0:02:08]} Qc4
{[%clk 0:15:06]} 29. Bg3 {[%clk 0:01:54]} Rc6 {[%clk 0:08:42]} 30. Qc2
{[%clk 0:01:55]} Re6 {[%clk 0:08:24]} 31. Rc1 {[%clk 0:01:49]} Qb4
{[%clk 0:06:14]} 32. h3 {[%clk 0:00:40]} Ne4 {[%clk 0:06:33]} 33. Re2
{[%clk 0:00:58]} Rfe8 {[%clk 0:05:22]} 34. Rce1 {[%clk 0:01:07]} Nxg3+
{[%clk 0:04:59]} 35. fxg3 {[%clk 0:01:35]} Qxe1+ {[%clk 0:05:17]} 36. Rxe1
{[%clk 0:02:02]} Rxe1+ {[%clk 0:05:42]} 37. Kh2 {[%clk 0:02:31]} a5
{[%clk 0:05:36]} 38. Qa4 {[%clk 0:02:31]} R8e5 {[%clk 0:05:00]} 39. g4
{[%clk 0:01:35]} R1e4 {[%clk 0:04:52]} 40. Qb3 {[%clk 0:31:47]} a4
{[%clk 0:33:52]} 41. Qb8+ {[%clk 0:32:05]} Re8 {[%clk 0:33:20]} 42. Qa7
{[%clk 0:29:53]} Rc8 {[%clk 0:30:33]} 43. Qb7 {[%clk 0:28:49]} Rcc4
{[%clk 0:30:31]} 44. Qf7 {[%clk 0:29:06]} Rf4 {[%clk 0:30:18]} 45. Qe7
{[%clk 0:28:51]} Rce4 {[%clk 0:28:12]} 46. Qd8+ {[%clk 0:29:16]} Kh7
{[%clk 0:28:35]} 1/2-1/2

[Event "European Youth Chess Championship G16"]
[Site "Prague, Top Hotel Prague"]
[Date "2012.08.19"]
[Round "3.6"]
[White "Shakhmurzova, Fatima"]
[Black "Szente Varga, Fruzsina"]
[Result "1-0"]
[WhiteElo "1905"]
[BlackElo "2053"]
[PlyCount "0"]
[EventDate "2012.08.17"]

1. e4 {[%clk 1:30:51]} c5 {[%clk 1:30:55]} 2. Nf3 {[%clk 1:31:16]} e6
{[%clk 1:31:21]} 3. d4 {[%clk 1:31:42]} cxd4 {[%clk 1:31:46]} 4. Nxd4
{[%clk 1:32:09]} a6 {[%clk 1:32:08]} 5. Bd3 {[%clk 1:32:36]} Qc7 {[%clk 1:32:14]}
6. O-O {[%clk 1:32:49]} Bc5 {[%clk 1:31:56]} 7. Nb3 {[%clk 1:32:08]} Be7
{[%clk 1:32:21]} 8. f4 {[%clk 1:26:22]} b5 {[%clk 1:28:25]} 9. c3
{[%clk 1:22:29]} Bb7 {[%clk 1:28:04]} 10. N1d2 {[%clk 1:22:26]} d6
{[%clk 1:27:54]} 11. Qe2 {[%clk 1:20:23]} Nd7 {[%clk 1:27:57]} 12. Nf3
{[%clk 1:11:03]} Ngf6 {[%clk 1:23:27]} 13. Bd2 {[%clk 1:07:00]} O-O
{[%clk 1:12:18]} 14. Rae1 {[%clk 1:06:45]} Nb6 {[%clk 0:45:33]} 15. Nbd4
{[%clk 1:04:47]} Na4 {[%clk 0:42:37]} 16. e5 {[%clk 0:55:53]} Nd7
{[%clk 0:39:51]} 17. f5 {[%clk 0:40:34]} Nxe5 {[%clk 0:23:54]} 18. fxe6
{[%clk 0:40:12]} Nxd3 {[%clk 0:21:57]} 19. Qxd3 {[%clk 0:39:35]} Nxb2
{[%clk 0:20:14]} 20. Qc2 {[%clk 0:34:00]} Na4 {[%clk 0:18:26]} 21. exf7+
{[%clk 0:30:44]} Rxf7 {[%clk 0:18:51]} 22. Ne6 {[%clk 0:30:42]} Qc6
{[%clk 0:15:28]} 23. Rf2 {[%clk 0:29:19]} g6 {[%clk 0:06:42]} 24. Nfd4
{[%clk 0:26:42]} Qd5 {[%clk 0:06:42]} 25. Nc7 {[%clk 0:26:29]} Qc4
{[%clk 0:05:50]} 26. Nxa8 {[%clk 0:25:25]} Rxf2 {[%clk 0:05:15]} 27. Kxf2
{[%clk 0:24:54]} Bh4+ {[%clk 0:05:23]} 28. g3 {[%clk 0:24:40]} Qf7+
{[%clk 0:03:46]} 29. Kg1 {[%clk 0:23:58]} Bf6 {[%clk 0:04:14]} 30. Bh6
{[%clk 0:21:26]} Bxa8 {[%clk 0:04:07]} 31. Qe2 {[%clk 0:20:06]} Nxc3
{[%clk 0:01:45]} 32. Qg4 {[%clk 0:14:32]} Bb7 {[%clk 0:01:22]} 33. Bg5
{[%clk 0:12:41]} Qxa2 {[%clk 0:00:56]} 34. Re8+ {[%clk 0:12:24]} Kg7
{[%clk 0:01:08]} 35. Qd7+ {[%clk 0:12:49]} Qf7 {[%clk 0:01:35]} 36. Ne6#
{[%clk 0:13:06]} 1-0

[Event "European Youth Chess Championship G16"]
[Site "Prague, Top Hotel Prague"]
[Date "2012.08.19"]
[Round "3.7"]
[White "Soyunlu, Narmin"]
[Black "Bivol, Alina"]
[Result "1-0"]
[WhiteElo "1895"]
[BlackElo "2142"]
[PlyCount "0"]
[EventDate "2012.08.17"]

1. c4 {[%clk 1:30:57]} e6 {[%clk 1:30:15]} 2. g3 {[%clk 1:29:22]} Nf6
{[%clk 1:29:21]} 3. Bg2 {[%clk 1:29:37]} d5 {[%clk 1:29:38]} 4. Nf3
{[%clk 1:29:30]} d4 {[%clk 1:27:41]} 5. O-O {[%clk 1:27:39]} c5 {[%clk 1:27:57]}
6. d3 {[%clk 1:27:21]} Nc6 {[%clk 1:27:48]} 7. e3 {[%clk 1:27:29]} Be7
{[%clk 1:26:56]} 8. exd4 {[%clk 1:27:17]} cxd4 {[%clk 1:27:19]} 9. Re1
{[%clk 1:26:42]} Nd7 {[%clk 1:25:06]} 10. Na3 {[%clk 1:16:12]} e5
{[%clk 1:23:23]} 11. Nc2 {[%clk 1:15:48]} a5 {[%clk 1:23:34]} 12. b3
{[%clk 1:12:31]} O-O {[%clk 1:20:41]} 13. a3 {[%clk 1:12:28]} Rb8
{[%clk 1:16:50]} 14. b4 {[%clk 1:06:36]} axb4 {[%clk 1:16:58]} 15. axb4
{[%clk 1:07:01]} b5 {[%clk 1:16:50]} 16. c5 {[%clk 1:07:04]} f5 {[%clk 1:03:50]}
17. Nfxd4 {[%clk 0:38:05]} Nxd4 {[%clk 1:03:58]} 18. Nxd4 {[%clk 0:38:28]} exd4
{[%clk 1:04:18]} 19. Bf4 {[%clk 0:38:34]} Bf6 {[%clk 0:49:05]} 20. c6
{[%clk 0:36:41]} Ne5 {[%clk 0:49:02]} 21. Bxe5 {[%clk 0:36:35]} Bxe5
{[%clk 0:48:23]} 22. Rxe5 {[%clk 0:36:59]} Qd6 {[%clk 0:45:17]} 23. Qb3+
{[%clk 0:30:45]} Kh8 {[%clk 0:45:41]} 24. f4 {[%clk 0:31:02]} g5 {[%clk 0:45:09]}
25. Ra7 {[%clk 0:22:11]} gxf4 {[%clk 0:42:38]} 26. gxf4 {[%clk 0:20:54]} Qg6
{[%clk 0:28:40]} 27. Ree7 {[%clk 0:20:28]} Rg8 {[%clk 0:23:11]} 28. Qd5
{[%clk 0:20:01]} 1-0

[Event "European Youth Chess Championship G16"]
[Site "Prague, Top Hotel Prague"]
[Date "2012.08.19"]
[Round "3.8"]
[White "Smirnova, Ekaterina"]
[Black "Colantuono, Virginia"]
[Result "1-0"]
[WhiteElo "2113"]
[BlackElo "1892"]
[PlyCount "0"]
[EventDate "2012.08.17"]

1. e4 {[%clk 1:30:57]} c5 {[%clk 1:30:45]} 2. Nf3 {[%clk 1:31:22]} d6
{[%clk 1:31:01]} 3. Nc3 {[%clk 1:30:41]} Nf6 {[%clk 1:30:08]} 4. Bc4
{[%clk 1:23:09]} Nc6 {[%clk 1:29:20]} 5. d4 {[%clk 1:21:02]} cxd4
{[%clk 1:25:22]} 6. Nxd4 {[%clk 1:21:25]} e6 {[%clk 1:20:03]} 7. O-O
{[%clk 1:19:12]} Be7 {[%clk 1:19:13]} 8. Be3 {[%clk 1:18:30]} a6 {[%clk 1:17:10]}
9. a4 {[%clk 1:15:58]} Bd7 {[%clk 1:14:42]} 10. Ba2 {[%clk 1:09:19]} Qc7
{[%clk 1:12:34]} 11. Nxc6 {[%clk 1:00:02]} Bxc6 {[%clk 1:11:54]} 12. f3
{[%clk 0:50:23]} O-O {[%clk 1:10:21]} 13. a5 {[%clk 0:46:55]} Nd7
{[%clk 0:58:59]} 14. Qe2 {[%clk 0:43:33]} Rfe8 {[%clk 0:49:27]} 15. Qd2
{[%clk 0:35:28]} d5 {[%clk 0:36:22]} 16. exd5 {[%clk 0:32:32]} exd5
{[%clk 0:36:31]} 17. Nxd5 {[%clk 0:20:55]} Bxd5 {[%clk 0:32:19]} 18. Qxd5
{[%clk 0:18:28]} Bd6 {[%clk 0:20:37]} 19. Qxf7+ {[%clk 0:18:35]} Kh8
{[%clk 0:21:03]} 20. Bd4 {[%clk 0:18:44]} Bxh2+ {[%clk 0:20:20]} 21. Kh1
{[%clk 0:19:13]} Be5 {[%clk 0:15:01]} 22. Rfe1 {[%clk 0:09:20]} Qd6
{[%clk 0:10:40]} 23. Bxe5 {[%clk 0:08:41]} Nxe5 {[%clk 0:09:33]} 24. Qh5
{[%clk 0:08:26]} Rac8 {[%clk 0:06:36]} 25. f4 {[%clk 0:06:43]} Ng6 26. Rxe8+
{[%clk 0:06:40]} Rxe8 {[%clk 0:06:45]} 27. f5 {[%clk 0:06:20]} Re5
{[%clk 0:05:08]} 28. Rd1 {[%clk 0:04:59]} Rxf5 {[%clk 0:04:44]} 29. Rxd6
{[%clk 0:05:25]} Rxh5+ {[%clk 0:05:09]} 30. Kg1 {[%clk 0:05:54]} Nf8
{[%clk 0:04:12]} 31. Rd8 {[%clk 0:05:51]} Rf5 {[%clk 0:04:39]} 32. Bd5
{[%clk 0:06:01]} g5 {[%clk 0:04:18]} 33. Be4 {[%clk 0:04:50]} Re5
{[%clk 0:03:41]} 34. Bxb7 {[%clk 0:04:43]} Kg7 {[%clk 0:04:08]} 35. Rd5
{[%clk 0:04:05]} 1-0

[Event "European Youth Chess Championship G16"]
[Site "Prague, Top Hotel Prague"]
[Date "2012.08.19"]
[Round "3.9"]
[White "Uzlavataya, Anhelina"]
[Black "Kostitsina, Liubov"]
[Result "1-0"]
[WhiteElo "1862"]
[BlackElo "2057"]
[PlyCount "0"]
[EventDate "2012.08.17"]

1. f4 {[%clk 1:30:58]} Nf6 {[%clk 1:30:40]} 2. Nf3 {[%clk 1:31:18]} g6
{[%clk 1:30:45]} 3. g3 {[%clk 1:31:40]} Bg7 {[%clk 1:31:04]} 4. Bg2
{[%clk 1:32:04]} d6 {[%clk 1:30:39]} 5. O-O {[%clk 1:31:52]} c5 {[%clk 1:29:53]}
6. d3 {[%clk 1:32:11]} Nc6 {[%clk 1:30:06]} 7. Nc3 {[%clk 1:31:27]} Rb8
{[%clk 1:29:52]} 8. e4 {[%clk 1:31:17]} O-O {[%clk 1:30:14]} 9. h3
{[%clk 1:24:51]} b5 {[%clk 1:27:53]} 10. Be3 {[%clk 1:24:43]} b4 {[%clk 1:25:45]}
11. Ne2 {[%clk 1:25:06]} c4 {[%clk 1:18:23]} 12. dxc4 {[%clk 1:03:46]} Nxe4
{[%clk 0:40:04]} 13. Nh2 {[%clk 0:56:27]} Bxb2 {[%clk 0:13:46]} 14. Rb1
{[%clk 0:55:25]} Nc3 {[%clk 0:14:07]} 15. Nxc3 {[%clk 0:55:45]} bxc3
{[%clk 0:14:29]} 16. Bxc6 {[%clk 0:56:00]} Rb6 {[%clk 0:10:20]} 17. Bg2
{[%clk 0:53:15]} Ra6 {[%clk 0:10:42]} 18. Ng4 {[%clk 0:50:17]} Rxa2
{[%clk 0:06:34]} 19. f5 {[%clk 0:49:57]} Ra5 {[%clk 0:03:04]} 20. Qd4
{[%clk 0:36:52]} f6 {[%clk 0:02:34]} 21. Bd5+ {[%clk 0:36:21]} Kh8
{[%clk 0:02:56]} 22. fxg6 {[%clk 0:21:47]} hxg6 {[%clk 0:03:07]} 23. Qe4
{[%clk 0:19:18]} Kh7 {[%clk 0:02:15]} 24. Nxf6+ {[%clk 0:18:58]} Rxf6
{[%clk 0:01:24]} 25. Qh4+ {[%clk 0:19:21]} 1-0

[Event "European Youth Chess Championship G16"]
[Site "Prague, Top Hotel Prague"]
[Date "2012.08.19"]
[Round "3.10"]
[White "Garcia-Castany Musellas, Gal La"]
[Black "Kiseleva, Arina"]
[Result "1/2-1/2"]
[WhiteElo "2019"]
[BlackElo "1937"]
[PlyCount "0"]
[EventDate "2012.08.17"]

1. e4 {[%clk 1:31:17]} c5 {[%clk 1:31:21]} 2. Nf3 {[%clk 1:31:44]} d6
{[%clk 1:31:45]} 3. d4 {[%clk 1:32:07]} cxd4 {[%clk 1:32:10]} 4. Nxd4
{[%clk 1:32:33]} Nf6 {[%clk 1:32:35]} 5. Nc3 {[%clk 1:32:56]} Nc6
{[%clk 1:32:59]} 6. Bg5 {[%clk 1:30:25]} e6 {[%clk 1:32:43]} 7. Qd2
{[%clk 1:29:16]} a6 {[%clk 1:31:08]} 8. O-O-O {[%clk 1:27:55]} Qc7
{[%clk 1:29:36]} 9. f4 {[%clk 1:14:41]} Be7 {[%clk 1:13:14]} 10. Nf3
{[%clk 1:14:43]} b5 {[%clk 1:10:58]} 11. Bd3 {[%clk 1:07:30]} Bb7
{[%clk 1:00:38]} 12. Rhe1 {[%clk 0:52:22]} Nb4 {[%clk 0:45:32]} 13. f5
{[%clk 0:33:58]} Nxd3+ {[%clk 0:34:46]} 14. Qxd3 {[%clk 0:33:37]} b4
{[%clk 0:34:40]} 15. Nb1 {[%clk 0:33:10]} e5 {[%clk 0:34:17]} 16. Nbd2
{[%clk 0:26:52]} a5 {[%clk 0:28:29]} 17. Kb1 {[%clk 0:22:42]} Ba6
{[%clk 0:26:32]} 18. Qe3 {[%clk 0:22:09]} a4 {[%clk 0:22:25]} 19. Nf1
{[%clk 0:17:12]} b3 {[%clk 0:18:07]} 20. cxb3 {[%clk 0:12:01]} axb3
{[%clk 0:18:31]} 21. Qxb3 {[%clk 0:11:57]} O-O {[%clk 0:16:21]} 22. Rc1
{[%clk 0:12:02]} Qa7 {[%clk 0:16:26]} 23. Be3 {[%clk 0:09:00]} Qd7
{[%clk 0:13:07]} 24. Bd2 {[%clk 0:07:31]} Rfb8 {[%clk 0:12:31]} 25. Qe3
{[%clk 0:07:51]} Qa4 {[%clk 0:11:04]} 26. Rc3 {[%clk 0:07:06]} Bxf1
{[%clk 0:10:41]} 27. Rxf1 {[%clk 0:05:44]} Qxa2+ {[%clk 0:04:59]} 28. Kc2
{[%clk 0:06:08]} Qxb2+ {[%clk 0:05:00]} 29. Kd1 {[%clk 0:06:29]} Qb1+
{[%clk 0:04:39]} 30. Ke2 {[%clk 0:04:46]} Qxe4 {[%clk 0:04:26]} 31. Qxe4
{[%clk 0:04:13]} Nxe4 {[%clk 0:04:50]} 32. Rc2 {[%clk 0:04:01]} Rc8
{[%clk 0:02:52]} 33. Rfc1 {[%clk 0:04:27]} Rxc2 {[%clk 0:03:12]} 34. Rxc2
{[%clk 0:04:56]} Nxd2 {[%clk 0:03:23]} 35. Nxd2 {[%clk 0:05:17]} d5
{[%clk 0:03:34]} 36. Rb2 {[%clk 0:04:01]} f6 {[%clk 0:03:04]} 37. Rb7
{[%clk 0:03:58]} Kf7 {[%clk 0:03:09]} 38. Rd7 {[%clk 0:03:42]} Rd8
{[%clk 0:03:19]} 39. Ra7 {[%clk 0:33:58]} g6 {[%clk 0:33:24]} 40. fxg6+
{[%clk 0:34:03]} hxg6 {[%clk 0:33:49]} 41. Nf3 {[%clk 0:33:35]} Rb8
{[%clk 0:33:18]} 42. Nh4 {[%clk 0:33:05]} Rg8 {[%clk 0:25:19]} 43. Rb7
{[%clk 0:33:07]} d4 {[%clk 0:25:02]} 44. Nf3 {[%clk 0:32:10]} Ke6
{[%clk 0:24:51]} 45. Rb6+ {[%clk 0:31:50]} Bd6 {[%clk 0:23:40]} 46. Nd2
{[%clk 0:31:47]} f5 {[%clk 0:23:25]} 47. Nc4 {[%clk 0:31:25]} Rd8
{[%clk 0:23:44]} 48. Na5 {[%clk 0:31:20]} Kd5 {[%clk 0:21:56]} 49. Rb5+
{[%clk 0:30:21]} Bc5 {[%clk 0:19:52]} 50. Rxc5+ {[%clk 0:29:49]} Kxc5
{[%clk 0:18:34]} 51. Nb7+ {[%clk 0:30:18]} 1/2-1/2